World Health Statistics Annual 1994

Gespeichert in:
Bibliographische Detailangaben
Format: Buch
Sprache:Englisch
Veröffentlicht: Genéve World Health Organization 1995
Ausgabe:1. ed.
Schlagworte:
Tags: Tag hinzufügen
Keine Tags, Fügen Sie das erste Tag hinzu!

MARC

LEADER 00000nam a2200000 4500
001 c011900
005 20221205133735.6
020 |a 92-4-067940-5 
041 0 |a eng 
044 |a CH 
245 1 0 |a World Health Statistics Annual 1994 
250 |a 1. ed. 
264 1 |a Genéve  |b World Health Organization  |c 1995 
300 |a 16, 407, 14 s. 
610 2 0 |a údaje štatistické 
610 2 0 |a zdravotníctvo 
610 2 0 |a svet 
610 2 0 |a 1994 
610 2 0 |a WHO